Federalismo, dinâmica eleitoral e políticas públicas no Brasil: uma tipologia e algunas hipóteses /
El autor propone un modelo conceptual capaz de vincular la conexión entre políticas públicas y la dinámica electoral, desde el contexto de una democracia federal y la implementación de políticas públicas desde la descentralización. El autor, a partir de cruce teórico entre las dicotomías tradicional...
Na minha lista:
| Autor principal: | |
|---|---|
| Formato: | Livro |
| Idioma: | Portuguese |
| Assuntos: | |
| Tags: |
Adicionar Tag
Sem tags, seja o primeiro a adicionar uma tag!
|
MARC
| LEADER | 00000nam a22000007a 4500 | ||
|---|---|---|---|
| 003 | cru CIDCACS/IIS | ||
| 005 | 20200925161157.0 | ||
| 007 | ta | ||
| 008 | 161205b2010 bl ||||| |||| 00| 0 por d | ||
| 999 | |c 18801 |d 18801 | ||
| 040 | |c CRAI/IIS |a CRAI/IIS | ||
| 100 | 1 | |9 720 |a Borges, André | |
| 245 | 1 | |a Federalismo, dinâmica eleitoral e políticas públicas no Brasil: |b uma tipologia e algunas hipóteses / |c André Borges | |
| 300 | |a páginas 120-157 | ||
| 520 | |a El autor propone un modelo conceptual capaz de vincular la conexión entre políticas públicas y la dinámica electoral, desde el contexto de una democracia federal y la implementación de políticas públicas desde la descentralización. El autor, a partir de cruce teórico entre las dicotomías tradicionales en Ciencia Política: clientelismo vs. universalismo/partidos catch-all vs. partidos programáticos; establece una nueva perspectiva analítica y a partir de ello, define cuatro estrategias de implementación de las políticas públicas: clientelismo, política distributiva, focalización y universalismo. De ahí, que el autor establece tres factores explicativos: competencia política horizontal (entre partidos políticos), competencia vertical (entre instituciones gubernamentales) y el contexto socioeconómico y demográfico. Por lo anterior, se concluye que la democracia brasileña es una combinación entre un sistema presidencialista con ejecutivos fuertes, un sistema multipartidista de partidos débiles y a su vez, un federalismo descentralizado, que concede un rol significativo a los actores e instituciones subnacionales en la formulación y aplicación de políticas públicas; que se manifiesta, según el autor, al evidenciar los límites de las visiones convencionales y su impacto en la institucionalidad brasileña en materia de políticas públicas. | ||
| 650 | 0 | |9 83 |a DEMOCRACIA | |
| 650 | 4 | |9 3253 |a POLITICA GUBERNAMENTAL | |
| 650 | 4 | |9 1918 |a PODER POLITICO | |
| 650 | 0 | |9 3757 |a PODER EJECUTIVO | |
| 650 | 0 | |9 413 |a PARTIDOS POLITICOS | |
| 650 | 0 | |9 3639 |a COMPORTAMIENTO POLITICO | |
| 650 | 0 | |9 3409 |a FEDERALISMO | |
| 651 | 0 | |9 387 |a BRASIL | |
| 773 | 0 | |0 18792 |9 202 |a Universidade Federal do Rio Grande do Sul. |d Porto Alegre, Brasil: UFRGS. IFCH, 2007- |o R14836 |t Sociologias / |x 15174522 | |
| 942 | |2 ddc |c PP | ||
